[Event "New York Spring GM-A"]
[Site "New York"]
[Date "2023.04.09"]
[Round "9.3"]
[White "Stearman, Josiah P"]
[Black "Gelashvili, Tamaz"]
[Result "1/2-1/2"]
[WhiteElo "2385"]
[BlackElo "2548"]
[PlyCount "27"]
[EventDate "2023.04.05"]
[EventType "team-tourn"]
[EventRounds "9"]
[EventCountry "USA"]
[SourceTitle "CBM 213 Extra"]
[Source "ChessBase"]
[SourceDate "2023.05.31"]
[SourceVersion "1"]
[SourceVersionDate "2023.05.31"]
[SourceQuality "1"]
[WhiteTeam "Team 4"]
[BlackTeam "Team 1"]
[WhiteTeamCountry "USA"]
[BlackTeamCountry "USA"]

1. d4 Nf6 2. c4 e6 3. Nc3 Bb4 4. e3 0-0 5. Bd3 d5 6. Nf3 c5 7. 0-0 cxd4 8. exd4 dxc4 9. Bxc4 b6 10. Qa4 Be7 11. Be3 Bb7 12. Ne5 a6 13. Qb3 b5 14. Nxf7 1/2-1/2

[Event "New York Spring GM-A"]
[Site "New York"]
[Date "2023.04.08"]
[Round "7.1"]
[White "Gelashvili, Tamaz"]
[Black "Atanasov, Anthony"]
[Result "1-0"]
[WhiteElo "2548"]
[BlackElo "2368"]
[PlyCount "63"]
[EventDate "2023.04.05"]
[EventType "team-tourn"]
[EventRounds "9"]
[EventCountry "USA"]
[SourceTitle "CBM 213 Extra"]
[Source "ChessBase"]
[SourceDate "2023.05.31"]
[SourceVersion "1"]
[SourceVersionDate "2023.05.31"]
[SourceQuality "1"]
[WhiteTeam "Team 1"]
[BlackTeam "Team 2"]
[WhiteTeamCountry "USA"]
[BlackTeamCountry "USA"]

1. Nf3 d5 2. e3 Nf6 3. c4 e6 4. d4 c5 5. cxd5 exd5 6. Bb5+ Bd7 7. Bxd7+ Nbxd7 8. dxc5 Nxc5 9. 0-0 Be7 10. Nc3 0-0 11. b3 Rc8 12. Bb2 Qd7 13. Ne2 Rfd8 14. h3 Qe6 15. Nfd4 Qa6 16. Nf4 Nce4 17. Qe2 Qxe2 18. Nfxe2 g6 19. Rac1 a6 20. Rfd1 Kf8 21. Nf4 Ke8 22. f3 Rxc1 23. Rxc1 Nc5 24. Rd1 Kd7 25. Nde2 Kc6 26. Rc1 Kb5 27. a4+ Kb6 28. a5+ Kxa5 29. Bxf6 Bxf6 30. Rxc5+ Kb4 31. Rc7 b5 32. Nd3+ 1-0

[Event "New York Spring GM-A"]
[Site "New York"]
[Date "2023.04.05"]
[Round "1.1"]
[White "Gelashvili, Tamaz"]
[Black "Ostrovskiy, Aleksandr A"]
[Result "1-0"]
[WhiteElo "2548"]
[BlackElo "2394"]
[PlyCount "77"]
[EventDate "2023.04.05"]
[EventType "team-tourn"]
[EventRounds "9"]
[EventCountry "USA"]
[SourceTitle "CBM 213 Extra"]
[Source "ChessBase"]
[SourceDate "2023.05.31"]
[SourceVersion "1"]
[SourceVersionDate "2023.05.31"]
[SourceQuality "1"]
[WhiteTeam "Team 1"]
[BlackTeam "Team 2"]
[WhiteTeamCountry "USA"]
[BlackTeamCountry "USA"]

1. Nf3 d5 2. d4 Nf6 3. g3 c6 4. Bg2 h6 5. c4 Bf5 6. Qb3 Qb6 7. c5 Qxb3 8. axb3 Nbd7 9. b4 a6 10. Nbd2 g5 11. Nb3 Bg7 12. Na5 0-0-0 13. h4 Ne4 14. Be3 g4 15. Nd2 Nxd2 16. Kxd2 e5 17. Nb3 h5 18. Rhc1 Be6 19. Ke1 f6 20. Bd2 Rde8 21. b5 axb5 22. Ra8+ Nb8 23. Rca1 Re7 24. R1a7 Rhe8 25. Kd1 Bf5 26. Na5 Rd7 27. f3 Bf8 28. fxg4 Bxg4 29. Bf3 Bxf3 30. exf3 Ree7 31. g4 Rh7 32. gxh5 Rc7 33. b4 Rxh5 34. dxe5 fxe5 35. Bg5 Rhh7 36. Bf6 Bg7 37. Be7 Rxe7 38. Nxc6 Rd7 39. Rxb8+ 1-0

[Event "Olympiad-44"]
[Site "Chennai"]
[Date "2022.08.05"]
[Round "7.4"]
[White "Gelashvili, Tamaz"]
[Black "Ceres, Dragos"]
[Result "0-1"]
[WhiteElo "2549"]
[BlackElo "2378"]
[PlyCount "64"]
[EventDate "2022.07.29"]
[EventType "team-swiss"]
[EventRounds "11"]
[EventCountry "IND"]
[SourceTitle "CBM 210"]
[Source "ChessBase"]
[SourceDate "2022.10.31"]
[SourceVersion "1"]
[SourceVersionDate "2022.10.31"]
[SourceQuality "1"]
[WhiteTeam "Georgia"]
[BlackTeam "Moldova"]
[WhiteTeamCountry "GEO"]
[BlackTeamCountry "MDA"]

1. Nf3 d5 2. d4 e6 3. e3 Nf6 4. Bd3 Bd6 5. 0-0 0-0 6. b3 c5 7. Bb2 Nc6 8. Nbd2 b6 9. a3 Bb7 10. c4 cxd4 11. exd4 Ne7 12. Qe2 Rc8 13. Ne5 Bb8 14. Rad1 Nf5 15. Rfe1 dxc4 16. Ndxc4 Nd5 17. Qg4 f6 18. Nf3 Nf4 19. Bxf5 exf5 20. Qxf5 g6 21. Qb5 Bxf3 22. gxf3 a6 23. Qxa6 Qd7 24. Bc1 Qh3 25. Bxf4 Bxf4 26. Rd2 Qxh2+ 27. Kf1 Bxd2 28. Nxd2 Qh1+ 29. Ke2 Rfe8+ 30. Ne4 Rxe4+ 31. fxe4 Qxe4+ 32. Kd2 Qc2+ 0-1

[Event "Olympiad-44"]
[Site "Chennai"]
[Date "2022.07.29"]
[Round "1.4"]
[White "Matola, Ernest"]
[Black "Gelashvili, Tamaz"]
[Result "0-1"]
[WhiteElo "1964"]
[BlackElo "2549"]
[PlyCount "52"]
[EventDate "2022.07.29"]
[EventType "team-swiss"]
[EventRounds "11"]
[EventCountry "IND"]
[SourceTitle "CBM 210"]
[Source "ChessBase"]
[SourceDate "2022.10.31"]
[SourceVersion "1"]
[SourceVersionDate "2022.10.31"]
[SourceQuality "1"]
[WhiteTeam "Malawi"]
[BlackTeam "Georgia"]
[WhiteTeamCountry "MWI"]
[BlackTeamCountry "GEO"]

1. Nf3 c5 2. g3 Nc6 3. Bg2 g6 4. 0-0 Bg7 5. d3 d6 6. e4 Nf6 7. Nbd2 0-0 8. Re1 Rb8 9. c3 Nd7 10. Qc2 b5 11. Nf1 b4 12. Bf4 bxc3 13. bxc3 Qa5 14. Bd2 Qa3 15. Reb1 Ba6 16. Ne1 Nde5 17. f4 Nxd3 18. Rxb8 Rxb8 19. Nxd3 Nd4 20. Qd1 Bxd3 21. cxd4 Bxd4+ 22. Kh1 Bxa1 23. Qxa1 Rb1 24. Qc3 Qxc3 25. Bxc3 Bxf1 26. Bxf1 Rxf1+ 0-1

[Event "GEO-chT Club"]
[Site "Tbilisi"]
[Date "2017.11.30"]
[Round "2.2"]
[White "Gelashvili, Tamaz"]
[Black "Bechvaia, Gabriel"]
[Result "1-0"]
[WhiteElo "2556"]
[BlackElo "1806"]
[PlyCount "73"]
[EventDate "2017.11.29"]
[EventType "team-tourn"]
[EventRounds "7"]
[EventCountry "GEO"]
[SourceTitle "CBM 181 Extra"]
[Source "ChessBase"]
[SourceDate "2017.12.12"]
[SourceVersion "1"]
[SourceVersionDate "2017.12.12"]
[SourceQuality "1"]
[WhiteTeam "Rustavi"]
[BlackTeam "Samegrelo"]
[WhiteTeamCountry "GEO"]
[BlackTeamCountry "GEO"]

1. e4 c5 2. b3 Nc6 3. Bb2 d6 4. Bb5 Bd7 5. f4 e6 6. Nf3 Nf6 7. d3 Qa5+ 8. Nc3 Nd4 9. Bxd7+ Nxd7 10. 0-0 0-0-0 11. Nxd4 cxd4 12. Ne2 e5 13. c3 dxc3 14. Bxc3 Qb6+ 15. Kh1 f6 16. Qd2 Qa6 17. b4 Kb8 18. d4 Be7 19. a4 b6 20. b5 Qb7 21. Qe3 Rhe8 22. a5 Rc8 23. Rfc1 Rc4 24. a6 Qc7 25. Qg3 g5 26. Qh3 Rc8 27. Qe6 Nf8 28. Qd5 gxf4 29. Bb2 Rxc1+ 30. Nxc1 Qd7 31. Nd3 Rc7 32. Nb4 Qe6 33. Ba3 Kc8 34. Qa8+ Kd7 35. Nd5 Rc2 36. Qxa7+ Kd8 37. Qxb6+ 1-0

[Event "GEO-chT Club"]
[Site "Tbilisi"]
[Date "2017.11.29"]
[Round "1.3"]
[White "Shanava, Konstantine"]
[Black "Gelashvili, Tamaz"]
[Result "1-0"]
[WhiteElo "2512"]
[BlackElo "2556"]
[PlyCount "127"]
[EventDate "2017.11.29"]
[EventType "team-tourn"]
[EventRounds "7"]
[EventCountry "GEO"]
[SourceTitle "CBM 181 Extra"]
[Source "ChessBase"]
[SourceDate "2017.12.12"]
[SourceVersion "1"]
[SourceVersionDate "2017.12.12"]
[SourceQuality "1"]
[WhiteTeam "Batumi Nona"]
[BlackTeam "Rustavi"]
[WhiteTeamCountry "GEO"]
[BlackTeamCountry "GEO"]

1. e4 e5 2. Nf3 Nc6 3. Bc4 Bc5 4. 0-0 d6 5. c3 Nf6 6. d4 Bb6 7. h3 0-0 8. Re1 Nxe4 9. Rxe4 d5 10. Bg5 Qd7 11. Nxe5 Nxe5 12. Bxd5 Qxd5 13. Rxe5 Qc6 14. Bf4 Qg6 15. Nd2 c6 16. Re3 Qf5 17. Rf3 Qd5 18. Rg3 Bf5 19. Qh5 Rfe8 20. Nc4 Bg6 21. Qxd5 cxd5 22. Ne3 Rad8 23. Rg5 Be4 24. Re5 Rxe5 25. Bxe5 f6 26. Bg3 Kf7 27. Re1 Bg6 28. f3 Rd7 29. Bb8 a5 30. g4 a4 31. Kf2 Ba5 32. h4 Bd3 33. Rd1 Ba6 34. Ke1 g6 35. Kd2 Rd8 36. Bf4 b5 37. a3 Bc8 38. g5 Be6 39. gxf6 h5 40. Be5 Rg8 41. Rg1 Bd8 42. Rg5 Re8 43. Ng2 Bxf6 44. Bxf6 Kxf6 45. Nf4 Bf5 46. Nxd5+ Kf7 47. Ne3 Bd7 48. Ke2 Bf5 49. Kf2 Bd3 50. f4 Re6 51. Kf3 Kf6 52. Re5 Kf7 53. Nd1 Bc4 54. Nf2 Rd6 55. Ne4 Bd5 56. Ke3 Rd8 57. Ng3 Bc4 58. Ke4 Rd6 59. d5 Rf6 60. Ke3 Rd6 61. Kd4 Rf6 62. f5 Rd6 63. Ne4 Rd8 64. f6 1-0

[Event "Saint Louis Spring-B"]
[Site "Saint Louis"]
[Date "2017.05.24"]
[Round "9"]
[White "Gelashvili, Tamaz"]
[Black "Abdumalik, Zhansaya"]
[Result "1-0"]
[WhiteElo "2563"]
[BlackElo "2420"]
[PlyCount "73"]
[EventDate "2017.05.16"]
[EventType "tourn"]
[EventRounds "9"]
[EventCountry "USA"]
[EventCategory "11"]
[SourceTitle "CBM 179"]
[Source "ChessBase"]
[SourceDate "2017.07.12"]
[SourceVersion "1"]
[SourceVersionDate "2017.07.12"]
[SourceQuality "1"]

1. Nf3 Nf6 2. e3 g6 3. b4 d5 4. Bb2 Bg7 5. c4 c6 6. a4 a5 7. b5 0-0 8. Be2 Bf5 9. 0-0 dxc4 10. Na3 Nd5 11. Bxg7 Kxg7 12. Nxc4 Nb4 13. d4 Nd7 14. bxc6 bxc6 15. Qd2 c5 16. Rfd1 Kg8 17. Rac1 Qb8 18. Ng5 cxd4 19. e4 d3 20. exf5 dxe2 21. Qxe2 Qf4 22. Nh3 Qh6 23. f4 Nf6 24. fxg6 hxg6 25. Qxe7 Nfd5 26. Qe4 Rad8 27. Rd2 Qh5 28. Ng5 Rfe8 29. Ne5 Re7 30. Rcd1 Kg7 31. g4 Qh4 32. Ngxf7 Nxf4 33. Qxf4 Rxd2 34. Rxd2 g5 35. Qe4 Nc6 36. Qg6+ Kf8 37. Rf2 1-0

[Event "Saint Louis Spring-B"]
[Site "Saint Louis"]
[Date "2017.05.20"]
[Round "5"]
[White "Gelashvili, Tamaz"]
[Black "Chirila, Ioan Cristian"]
[Result "0-1"]
[WhiteElo "2563"]
[BlackElo "2536"]
[PlyCount "74"]
[EventDate "2017.05.16"]
[EventType "tourn"]
[EventRounds "9"]
[EventCountry "USA"]
[EventCategory "11"]
[SourceTitle "CBM 179"]
[Source "ChessBase"]
[SourceDate "2017.07.12"]
[SourceVersion "1"]
[SourceVersionDate "2017.07.12"]
[SourceQuality "1"]

1. e4 e5 2. Nf3 Nc6 3. d4 exd4 4. Nxd4 Nf6 5. Nxc6 bxc6 6. Bd3 d5 7. Qe2 Bb4+ 8. Bd2 Qe7 9. exd5 Bxd2+ 10. Nxd2 cxd5 11. 0-0-0 Qxe2 12. Bxe2 Be6 13. Nb3 Ke7 14. Rhe1 Kd6 15. c4 c6 16. c5+ Kc7 17. Bd3 Nd7 18. Rd2 Rhb8 19. Bxh7 a5 20. Bg6 Rh8 21. Nd4 Rxh2 22. f3 Rh6 23. Bf5 Nxc5 24. Rc2 Kd6 25. Kb1 Rh4 26. g4 g6 27. Bxe6 Nxe6 28. Nxc6 Rc8 29. Ne5 Rxc2 30. Kxc2 Rh2+ 31. Kc3 f6 32. Nd3 g5 33. a4 d4+ 34. Kc4 Rc2+ 35. Kb5 Nc5 36. Nxc5 Rxb2+ 37. Kxa5 Kxc5 0-1

[Event "North American op 26th"]
[Site "Las Vegas"]
[Date "2016.12.29"]
[Round "7"]
[White "Gelashvili, Tamaz"]
[Black "Aldama Degurnay, Dionisio"]
[Result "1-0"]
[WhiteElo "2568"]
[BlackElo "2375"]
[PlyCount "93"]
[EventDate "2016.12.26"]
[EventType "swiss"]
[EventRounds "9"]
[EventCountry "USA"]
[SourceTitle "CBM 176 Extra"]
[Source "ChessBase"]
[SourceDate "2017.03.02"]
[SourceVersion "1"]
[SourceVersionDate "2017.03.02"]
[SourceQuality "1"]

1. Nf3 Nf6 2. d4 g6 3. g3 Bg7 4. Bg2 0-0 5. c4 d6 6. 0-0 Nbd7 7. Nc3 e5 8. e3 h6 9. a4 a5 10. b3 exd4 11. exd4 Nb8 12. Ba3 Nc6 13. Qd2 Bf5 14. Nh4 Bd7 15. Rfe1 g5 16. Nf3 Bf5 17. h4 Nh7 18. Nd5 Bg4 19. hxg5 hxg5 20. Bb2 Bd7 21. Re2 f5 22. Rae1 Rf7 23. Nh2 f4 24. Be4 Nf8 25. g4 Qc8 26. f3 Qd8 27. Kg2 Ra6 28. Kh1 Na7 29. Bf5 Nc8 30. Bc2 c6 31. Nc3 Ra8 32. Ne4 b6 33. Bb1 Nh7 34. d5 c5 35. Nf1 Qf8 36. Rh2 Bxb2 37. Qxb2 Qg7 38. Qxg7+ Rxg7 39. Rh6 Re7 40. Re2 Ra7 41. Reh2 Be8 42. Rxh7 Rxh7 43. Nf6+ Kg7 44. Nxe8+ Kf8 45. Rxh7 Rxh7+ 46. Bxh7 Kxe8 47. Nd2 1-0

[Event "North American op 26th"]
[Site "Las Vegas"]
[Date "2016.12.29"]
[Round "8"]
[White "Kumar, Nikhil"]
[Black "Gelashvili, Tamaz"]
[Result "0-1"]
[WhiteElo "2251"]
[BlackElo "2568"]
[PlyCount "82"]
[EventDate "2016.12.26"]
[EventType "swiss"]
[EventRounds "9"]
[EventCountry "USA"]
[SourceTitle "CBM 176 Extra"]
[Source "ChessBase"]
[SourceDate "2017.03.02"]
[SourceVersion "1"]
[SourceVersionDate "2017.03.02"]
[SourceQuality "1"]

1. d4 Nf6 2. c4 Nc6 3. Nf3 e6 4. g3 d5 5. Bg2 dxc4 6. 0-0 Rb8 7. a4 a6 8. e3 b5 9. axb5 axb5 10. b3 cxb3 11. Qxb3 Bd6 12. Bb2 0-0 13. Ne5 Ne7 14. Nd2 Bb7 15. Bxb7 Rxb7 16. Nd3 c6 17. Ra6 Re8 18. Rfa1 Rb8 19. Bc3 h5 20. Ba5 Qc8 21. Bb4 Bxb4 22. Qxb4 h4 23. Qc5 hxg3 24. hxg3 Nd7 25. Qc2 Nb6 26. Nf3 Na4 27. Nc5 Nxc5 28. Qxc5 b4 29. Ra7 Rb5 30. Qc1 Qd8 31. Nd2 Qd5 32. Rb1 c5 33. dxc5 Rxc5 34. Qe1 Nc6 35. Raa1 Ne5 36. Rd1 Rc2 37. e4 Qd3 38. Kg2 Rd8 39. Nf1 Qf3+ 40. Kg1 Rxd1 41. Rxd1 Re2 0-1

[Event "North American op 26th"]
[Site "Las Vegas"]
[Date "2016.12.28"]
[Round "6"]
[White "Hong, Andrew Z"]
[Black "Gelashvili, Tamaz"]
[Result "0-1"]
[WhiteElo "2346"]
[BlackElo "2568"]
[PlyCount "140"]
[EventDate "2016.12.26"]
[EventType "swiss"]
[EventRounds "9"]
[EventCountry "USA"]
[SourceTitle "CBM 176 Extra"]
[Source "ChessBase"]
[SourceDate "2017.03.02"]
[SourceVersion "1"]
[SourceVersionDate "2017.03.02"]
[SourceQuality "1"]

1. e4 Nc6 2. Nf3 d6 3. d4 Nf6 4. Nc3 Bg4 5. d5 Nb8 6. Be2 g6 7. h3 Bxf3 8. Bxf3 Bg7 9. 0-0 0-0 10. Be3 Nbd7 11. Qd2 c6 12. Bd4 Qa5 13. Rfd1 Rfc8 14. a3 Ne8 15. Bxg7 Kxg7 16. Be2 Nef6 17. Rac1 a6 18. Qe3 Qb6 19. Qxb6 Nxb6 20. Rd4 Rc7 21. dxc6 Rxc6 22. Kf1 Rac8 23. Rb4 Nfd7 24. Ke1 R8c7 25. Rd4 e6 26. Rb4 g5 27. g3 Ne5 28. Nd1 Nec4 29. Bd3 Ne5 30. Be2 Nbc4 31. Rb3 Kf6 32. Rc3 b5 33. Rb3 Rc5 34. f4 gxf4 35. gxf4 Ng6 36. Rf3 Ke7 37. Bd3 Rh5 38. c3 Rh4 39. f5 Nge5 40. Rg3 Nxd3+ 41. Rxd3 Rxe4+ 42. Kf2 Ne5 43. f6+ Kd7 44. Rg3 Rf4+ 45. Ke2 Rxf6 46. Nf2 Rc4 47. Re3 Rcf4 48. Ne4 Rg6 49. Rf1 Rg2+ 50. Rf2 Rfxf2+ 51. Nxf2 Nc4 52. Rf3 f5 53. b3 Nxa3 54. Rf4 Nb1 55. Kd3 Rg3+ 56. Kc2 Nxc3 57. Rh4 Rg2 58. Rxh7+ Kc6 59. Kxc3 Rxf2 60. h4 a5 61. h5 b4+ 62. Kd3 Rb2 63. h6 Rxb3+ 64. Kd2 Rh3 65. Rh8 Kd5 66. h7 Ke5 67. Kc2 d5 68. Kd2 a4 69. Kc2 a3 70. Rb8 Rxh7 0-1

[Event "North American op 26th"]
[Site "Las Vegas"]
[Date "2016.12.27"]
[Round "3"]
[White "Gelashvili, Tamaz"]
[Black "Hilby, Craig"]
[Result "0-1"]
[WhiteElo "2568"]
[BlackElo "2347"]
[PlyCount "70"]
[EventDate "2016.12.26"]
[EventType "swiss"]
[EventRounds "9"]
[EventCountry "USA"]
[SourceTitle "CBM 176 Extra"]
[Source "ChessBase"]
[SourceDate "2017.03.02"]
[SourceVersion "1"]
[SourceVersionDate "2017.03.02"]
[SourceQuality "1"]

1. d4 Nf6 2. Nf3 e6 3. e3 c5 4. Bd3 d5 5. b3 Nc6 6. 0-0 Bd6 7. Bb2 0-0 8. Nbd2 b6 9. Ne5 Nb4 10. Be2 Bb7 11. a3 Nc6 12. Bd3 Rc8 13. Qe2 Ne7 14. f4 Ne4 15. dxc5 Nxc5 16. Bxh7+ Kxh7 17. Qh5+ Kg8 18. Rf3 f6 19. Rh3 fxe5 20. Nf3 Ne4 21. Bxe5 Nf5 22. g4 Nf6 23. Qh8+ Kf7 24. Ng5+ Ke7 25. Bxf6+ Rxf6 26. Qh7 Qg8 27. gxf5 exf5 28. Qh4 Rh6 29. Qg3 Rxc2 30. Ne4 Qf7 31. Qg5+ Kd7 32. Rxh6 gxh6 33. Nxd6 Kxd6 34. Qxh6+ Qe6 35. Qf8+ Kc6 0-1

[Event "GEO-chT Club"]
[Site "Lagodekhi"]
[Date "2016.09.22"]
[Round "1.2"]
[White "Gelashvili, Tamaz"]
[Black "Baghdasaryan, Vahe"]
[Result "1-0"]
[WhiteElo "2575"]
[BlackElo "2492"]
[PlyCount "71"]
[EventDate "2016.09.22"]
[EventType "team-tourn"]
[EventRounds "7"]
[EventCountry "GEO"]
[SourceTitle "CBM 174 Extra"]
[Source "ChessBase"]
[SourceDate "2016.10.10"]
[SourceVersion "1"]
[SourceVersionDate "2016.10.10"]
[SourceQuality "1"]
[WhiteTeam "Rustavi"]
[BlackTeam "Samegrelo"]
[WhiteTeamCountry "GEO"]
[BlackTeamCountry "GEO"]

1. d4 d5 2. Nf3 Nf6 3. Bf4 c5 4. e3 Nc6 5. c3 Qb6 6. Qc1 Bg4 7. Nbd2 Nh5 8. dxc5 Qxc5 9. b4 Qb6 10. b5 Na5 11. Be5 f6 12. Bd4 Qc7 13. b6 axb6 14. Qb2 e5 15. Bxb6 Qd6 16. h3 Bxf3 17. Nxf3 g6 18. Rd1 e4 19. Nd2 Qe6 20. Qb5+ Nc6 21. Nb3 Qe5 22. Bd4 Qd6 23. Bc5 Qe6 24. Be2 Rxa2 25. 0-0 Kf7 26. Qxb7+ Be7 27. Bb5 Na5 28. Nxa5 Rxa5 29. Bxe7 Qxe7 30. Qxd5+ Kg7 31. g4 Qe5 32. Qd7+ Kh6 33. Rd5 Qb8 34. gxh5 Rg8 35. Bc4 Ra7 36. Qe6 1-0

[Event "Olympiad-42"]
[Site "Baku"]
[Date "2016.09.11"]
[Round "9.3"]
[White "Almasi, Zoltan"]
[Black "Gelashvili, Tamaz"]
[Result "1-0"]
[WhiteElo "2684"]
[BlackElo "2575"]
[PlyCount "85"]
[EventDate "2016.09.02"]
[EventType "team-swiss"]
[EventRounds "11"]
[EventCountry "AZE"]
[SourceTitle "CBM 175"]
[Source "ChessBase"]
[SourceDate "2016.11.10"]
[SourceVersion "1"]
[SourceVersionDate "2016.11.10"]
[SourceQuality "1"]
[WhiteTeam "Hungary"]
[BlackTeam "Georgia"]
[WhiteTeamCountry "HUN"]
[BlackTeamCountry "GEO"]

1. Nf3 Nf6 2. c4 Nc6 3. d4 e6 4. a3 d6 5. Nc3 g6 6. g3 Bg7 7. Bg2 0-0 8. 0-0 a6 9. b4 Nd7 10. Bg5 f6 11. Be3 Ne7 12. Qb3 Kh8 13. Rfd1 h6 14. Bd2 f5 15. e4 fxe4 16. Nxe4 Nf5 17. Qd3 b5 18. cxb5 axb5 19. Nc3 Nb6 20. Ne2 Nd5 21. Rac1 Bb7 22. h4 Ra7 23. Rc2 Qf6 24. Rf1 Nb6 25. Rxc7 Be4 26. Qxe4 Rxc7 27. Nf4 Nc4 28. Bc1 Rfc8 29. Re1 d5 30. Qxe6 Qxe6 31. Rxe6 Kh7 32. h5 g5 33. Nxd5 Rc6 34. Bh3 Ncd6 35. Bd2 Rc2 36. Ne3 Nxe3 37. Bxe3 R8c6 38. Rxd6 Rc1+ 39. Bxc1 Rxd6 40. Be3 Ra6 41. Bf5+ Kh8 42. d5 Rxa3 43. d6 1-0

[Event "Olympiad-42"]
[Site "Baku"]
[Date "2016.09.08"]
[Round "6.4"]
[White "Gelashvili, Tamaz"]
[Black "Plat, Vojtech"]
[Result "1/2-1/2"]
[WhiteElo "2575"]
[BlackElo "2519"]
[PlyCount "94"]
[EventDate "2016.09.02"]
[EventType "team-swiss"]
[EventRounds "11"]
[EventCountry "AZE"]
[SourceTitle "CBM 175"]
[Source "ChessBase"]
[SourceDate "2016.11.10"]
[SourceVersion "1"]
[SourceVersionDate "2016.11.10"]
[SourceQuality "1"]
[WhiteTeam "Georgia"]
[BlackTeam "Czech Republic"]
[WhiteTeamCountry "GEO"]
[BlackTeamCountry "CZE"]

1. d4 Nf6 2. Nf3 g6 3. Bf4 Bg7 4. e3 d6 5. h3 0-0 6. Be2 c5 7. c3 Nbd7 8. 0-0 b6 9. a4 Bb7 10. a5 bxa5 11. Qa4 Qb6 12. Nbd2 Bc6 13. Qxa5 Rfb8 14. Nc4 Qb7 15. Qa3 Bd5 16. dxc5 Nxc5 17. b4 Ne6 18. Na5 Qb6 19. Bh2 Ne4 20. c4 Nc3 21. cxd5 Nxe2+ 22. Kh1 Nd8 23. Qd3 Qb5 24. Nc4 Rc8 25. Nfd2 Nc3 26. e4 Qxb4 27. f4 Nb7 28. Bg1 Nc5 29. Bxc5 Qxc5 30. Na5 Nb5 31. Ra4 Nd4 32. Ndb3 Nxb3 33. Qxb3 Qb6 34. Qa2 Rc3 35. Nc6 Qe3 36. Qb1 Re8 37. Qe1 Bh6 38. e5 dxe5 39. Qxe3 Rxe3 40. fxe5 Bf8 41. Rxa7 Rc3 42. Rc7 Rc5 43. Rd1 Rd8 44. Rf1 Rdxd5 45. Nxe7+ Bxe7 46. Rxe7 Rxe5 47. Rexf7 Re1 1/2-1/2

[Event "Olympiad-42"]
[Site "Baku"]
[Date "2016.09.04"]
[Round "3.3"]
[White "Jurcik, Marian"]
[Black "Gelashvili, Tamaz"]
[Result "1/2-1/2"]
[WhiteElo "2484"]
[BlackElo "2575"]
[PlyCount "83"]
[EventDate "2016.09.02"]
[EventType "team-swiss"]
[EventRounds "11"]
[EventCountry "AZE"]
[SourceTitle "CBM 175"]
[Source "ChessBase"]
[SourceDate "2016.11.10"]
[SourceVersion "1"]
[SourceVersionDate "2016.11.10"]
[SourceQuality "1"]
[WhiteTeam "Slovakia"]
[BlackTeam "Georgia"]
[WhiteTeamCountry "SVK"]
[BlackTeamCountry "GEO"]

1. e4 Nc6 2. Nf3 d6 3. d4 Nf6 4. c3 g6 5. Bd3 Bg7 6. 0-0 0-0 7. Re1 e5 8. h3 h6 9. Nbd2 Nh5 10. dxe5 Nf4 11. Bc4 Nxe5 12. Nxe5 dxe5 13. Nf3 Qf6 14. Bxf4 Qxf4 15. Qc1 Qxc1 16. Raxc1 Rd8 17. Rcd1 Bd7 18. Bd5 c6 19. Bb3 Be8 20. h4 h5 21. Ng5 Kf8 22. g3 Rxd1 23. Rxd1 a5 24. a4 Ke7 25. f4 Rb8 26. Bc4 b5 27. axb5 cxb5 28. Bd5 a4 29. f5 Rc8 30. fxg6 fxg6 31. Rd3 Bh6 32. Rf3 Rb8 33. Rf2 Rb6 34. Kf1 Rf6 35. Ke2 Rxf2+ 36. Kxf2 Bg7 37. Ke3 Kd6 38. Kd3 Bf6 39. Ke3 Kc5 40. Ne6+ Kb6 41. Kd3 Bd7 42. Nf8 1/2-1/2

[Event "Olympiad-42"]
[Site "Baku"]
[Date "2016.09.03"]
[Round "2.4"]
[White "Firouzja, Alireza"]
[Black "Gelashvili, Tamaz"]
[Result "1/2-1/2"]
[WhiteElo "2463"]
[BlackElo "2575"]
[PlyCount "135"]
[EventDate "2016.09.02"]
[EventType "team-swiss"]
[EventRounds "11"]
[EventCountry "AZE"]
[SourceTitle "CBM 175"]
[Source "ChessBase"]
[SourceDate "2016.11.10"]
[SourceVersion "1"]
[SourceVersionDate "2016.11.10"]
[SourceQuality "1"]
[WhiteTeam "Iran"]
[BlackTeam "Georgia"]
[WhiteTeamCountry "IRI"]
[BlackTeamCountry "GEO"]

1. e4 e6 2. d4 b6 3. Bd3 Bb7 4. Qe2 d5 5. exd5 Qxd5 6. Nf3 Nf6 7. 0-0 Bd6 8. h3 Nc6 9. c3 0-0-0 10. Nbd2 Kb8 11. a4 Qh5 12. Nc4 Rhe8 13. Ng5 Qxe2 14. Bxe2 Re7 15. a5 e5 16. axb6 axb6 17. dxe5 Nxe5 18. Nxd6 Rxd6 19. Bf4 h6 20. Nf3 Bxf3 21. gxf3 g5 22. Bg3 Nh5 23. Rfd1 f5 24. Bxe5 Rxe5 25. Rxd6 cxd6 26. Bf1 Nf4 27. Kh2 Rd5 28. Kg3 Ng6 29. f4 Nxf4 30. Re1 Rd2 31. b4 Rc2 32. c4 Rc3+ 33. Kh2 Rf3 34. Rd1 Kc7 35. Rd2 Rb3 36. b5 Ra3 37. Bg2 Rc3 38. Ra2 Nxg2 39. Kxg2 Rxc4 40. Ra7+ Kc8 41. Ra8+ Kd7 42. Ra6 Rc5 43. Rxb6 Kc7 44. Ra6 Rxb5 45. Ra7+ Rb7 46. Ra5 Kd7 47. Rxf5 Ke6 48. Ra5 Rb4 49. Kg3 Rh4 50. f3 Rf4 51. Ra8 Rf6 52. Ra4 d5 53. h4 gxh4+ 54. Rxh4 Kd6 55. Kf2 Re6 56. f4 Kc5 57. f5 Rf6 58. Ke3 Ra6 59. Kd3 Ra3+ 60. Kd2 Rf3 61. Rxh6 Kc4 62. Rc6+ Kd4 63. f6 Rf5 64. Ke2 Ke5 65. Kd3 Rf3+ 66. Ke2 Rxf6 67. Rxf6 Kxf6 68. Kd3 1/2-1/2

[Event "World op 44th"]
[Site "Philadelphia"]
[Date "2016.07.02"]
[Round "5"]
[White "Gelashvili, Tamaz"]
[Black "Papp, Gabor"]
[Result "1/2-1/2"]
[WhiteElo "2557"]
[BlackElo "2596"]
[PlyCount "170"]
[EventDate "2016.06.30"]
[EventType "swiss"]
[EventRounds "9"]
[EventCountry "USA"]
[SourceTitle "CBM 173 Extra"]
[Source "ChessBase"]
[SourceDate "2016.08.29"]
[SourceVersion "1"]
[SourceVersionDate "2016.08.29"]
[SourceQuality "1"]

1. d4 Nf6 2. Nf3 d5 3. Bf4 e6 4. e3 Bd6 5. Nbd2 c5 6. Ne5 0-0 7. c3 b6 8. Qf3 Qc7 9. Bd3 Ba6 10. Bxa6 Nxa6 11. 0-0 cxd4 12. exd4 Nc5 13. Rae1 Nce4 14. Nb3 Nd7 15. Qh3 Bxe5 16. dxe5 Qc4 17. Qg4 g6 18. Re3 Rae8 19. Qe2 Qxe2 20. Rxe2 Rc8 21. Rd1 Rc4 22. Nd4 Rfc8 23. f3 Nec5 24. Bh6 a6 25. g4 b5 26. a3 Nb8 27. Re3 Na4 28. Rd2 R4c7 29. f4 Nc6 30. Nb3 Nb6 31. Rh3 Nc4 32. Rf2 a5 33. Bg5 a4 34. Bf6 g5 35. Nc1 d4 36. Rff3 Nd2 37. Rd3 Ne4 38. Rh6 dxc3 39. bxc3 Ne7 40. Ne2 Ng6 41. f5 Nf8 42. Rhh3 Nd7 43. fxe6 fxe6 44. Rde3 Ndxf6 45. exf6 Nxf6 46. Rxe6 Rc6 47. Rhe3 Nxg4 48. Rxc6 Rxc6 49. Re4 Rc4 50. Nd4 Nf6 51. Re5 Rxc3 52. Rxg5+ Kf7 53. Nxb5 Rb3 54. Rc5 Ne4 55. Rc4 Nd2 56. Rc5 Kg6 57. Kg2 h5 58. Rd5 Nc4 59. Rc5 Ne3+ 60. Kg1 h4 61. h3 Nf5 62. Kg2 Rb2+ 63. Kg1 Ng3 64. Nc3 Rb3 65. Kg2 Rxa3 66. Rc6+ Kf7 67. Rc4 Nf5 68. Kf2 Nd6 69. Rf4+ Ke6 70. Nxa4 Ke5 71. Rb4 Rxh3 72. Nc5 Kd5 73. Nb3 Ne4+ 74. Kg2 Rc3 75. Rb8 h3+ 76. Kh2 Ke5 77. Re8+ Kf4 78. Rf8+ Kg4 79. Rg8+ Ng5 80. Nd4 Re3 81. Rg7 Re4 82. Nf3 Re2+ 83. Kh1 Kxf3 84. Rxg5 h2 85. Rg3+ Kxg3 1/2-1/2